Los valores en la educación (Record no. 19096)
[ view plain ]
| 000 -LEADER | |
|---|---|
| campo de control de longitud fija | 01062nmc a2200373 a 4500 |
| 003 - IDENTIFICADOR DE NÚMERO DE CONTROL | |
| campo de control | AR-BaBNM |
| 005 - FECHA Y HORA DE LA ÚLTIMA TRANSACCIÓN | |
| campo de control | 20251128211317.0 |
| 008 - DATOS DE LONGITUD FIJA--INFORMACIÓN GENERAL | |
| campo de control de longitud fija | 193120s2001 ||||||||||||||000 | spa|| |
| 020 ## - NÚMERO INTERNACIONAL ESTÁNDAR DEL LIBRO | |
| Número Internacional Estándar del Libro | 84-7432-850-0 |
| 040 ## - FUENTE DE CATALOGACIÓN | |
| Centro/agencia transcriptor | AR-BaBNM |
| 245 10 - MENCIÓN DEL TÍTULO | |
| Título | Los valores en la educación |
| 250 ## - MENCION DE EDICION | |
| Mención de edición | 1ª ed. |
| 260 ## - PUBLICACIÓN, DISTRIBUCIÓN, ETC. | |
| Lugar de publicación, distribución, etc. | Barcelona |
| Nombre del editor, distribuidor, etc. | Gedisa |
| Fecha de publicación, distribución, etc. | 2001 |
| 300 ## - DESCRIPCIÓN FÍSICA | |
| Extensión | 318 p. |
| 490 #0 - MENCIÓN DE SERIE | |
| Mención de serie | Biblioteca de educación. Pedagogía de los valores |
| Designación de volumen o secuencia | v. 1 |
| 500 ## - NOTA GENERAL | |
| Nota general | Contiene índice temático |
| 504 ## - NOTA DE BIBLIOGRAFÍA, ETC. | |
| Nota de bibliografía, etc. Nota | Contiene referencias bibliográficas al final de cada capítulo |
| 610 24 - PUNTO DE ACCESO ADICIONAL DE MATERIA--NOMBRE DE ENTIDAD CORPORATIVA | |
| Nombre de entidad corporativa o nombre de jurisdicción como elemento de entrada | Universidad de Berna |
| 650 #4 - PUNTO DE ACCESO ADICIONAL DE MATERIA--TÉRMINO DE MATERIA | |
| Término de materia o nombre geográfico como elemento de entrada | EDUCACION COMPARADA |
| 651 #4 - PUNTO DE ACCESO ADICIONAL DE MATERIA--NOMBRE GEOGRÁFICO | |
| Nombre geográfico | Australia |
| 651 #4 - PUNTO DE ACCESO ADICIONAL DE MATERIA--NOMBRE GEOGRÁFICO | |
| Nombre geográfico | Irlanda |
| 651 #4 - PUNTO DE ACCESO ADICIONAL DE MATERIA--NOMBRE GEOGRÁFICO | |
| Nombre geográfico | Israel |
| 651 #4 - PUNTO DE ACCESO ADICIONAL DE MATERIA--NOMBRE GEOGRÁFICO | |
| Nombre geográfico | Eslovenia |
| 651 #4 - PUNTO DE ACCESO ADICIONAL DE MATERIA--NOMBRE GEOGRÁFICO | |
| Nombre geográfico | Inglaterra |
| 651 #4 - PUNTO DE ACCESO ADICIONAL DE MATERIA--NOMBRE GEOGRÁFICO | |
| Nombre geográfico | Estados Unidos |
| 653 ## - TÉRMINO DE INDIZACIÓN--NO CONTROLADO | |
| Término no controlado | EDUCACION EN VALORES |
| 653 ## - TÉRMINO DE INDIZACIÓN--NO CONTROLADO | |
| Término no controlado | EXPERIENCIAS EDUCATIVAS |
| 700 1# - ENTRADA AGREGADA--NOMBRE PERSONAL | |
| Nombre de persona | Stephenson, Joan |
| Término indicativo de función/relación | compilador |
| 700 1# - ENTRADA AGREGADA--NOMBRE PERSONAL | |
| Nombre de persona | Ling, Lorraine |
| Término indicativo de función/relación | compilador |
| 700 1# - ENTRADA AGREGADA--NOMBRE PERSONAL | |
| Nombre de persona | Burman, Eva |
| Término indicativo de función/relación | compilador |
| 700 1# - ENTRADA AGREGADA--NOMBRE PERSONAL | |
| Nombre de persona | Cooper, Maxine |
| Término indicativo de función/relación | compilador |
| 942 ## - ELEMENTOS DE ENTRADA SECUNDARIOS (KOHA) | |
| Tipo de ítem Koha | Libros |
| 998 ## - INFORMACIÓN DE CONTROL LOCAL (RLIN) | |
| Iniciales del catalogador, CIN (RLIN) | raquel |
| Estatus retirado | Estado de pérdida | Fuente de la clasificación o esquema de estantería | Estado de daño | No para préstamo | Biblioteca de origen | Biblioteca actual | Fecha de adquisición | Total de préstamos | Signatura topográfica completa | Código de barras | Visto por última vez | Precio de reemplazo | Tipo de ítem Koha |
|---|---|---|---|---|---|---|---|---|---|---|---|---|---|
| Clasificación Decimal Dewey | Liberty | Liberty | 28/11/2025 | 37.034 STE | 133274 | 28/11/2025 | 28/11/2025 | Libros | |||||
| Clasificación Decimal Dewey | Liberty | Liberty | 28/11/2025 | 37.034 STE | 136978 | 28/11/2025 | 28/11/2025 | Libros | |||||
| Clasificación Decimal Dewey | Liberty | Liberty | 28/11/2025 | 37.034 STE | 136979 | 28/11/2025 | 28/11/2025 | Libros |